Les cinq pays ayant le plus de touristes par continent - Statistiques

Statistiques générales
  • Ce quiz a été pris 433 fois
    349 depuis la dernière actualisation
  • Le résultat moyen est 21 sur 25
Statistiques - réponses
Nombre de touristes Pays % Correct
89,3 millions France
100%
62,9 millions Chine
99%
82,7 millions Espagne
99%
38,8 millions Allemagne
98%
79,7 millions Etats-Unis
98%
61,5 millions Italie
98%
31,1 millions Japon
98%
8,4 millions (2017) Australie
97%
21,1 millions Canada
97%
12,2 millions Maroc
96%
41,3 millions Mexique
95%
3,5 millions (2016) Nouvelle-Zélande
93%
10,4 millions Afrique du Sud
92%
11,1 millions Egypte
91%
6,6 millions Brésil
89%
17,4 millions Inde
89%
38,1 millions Thaïlande
86%
6,9 millions Argentine
84%
9,4 millions Tunisie
84%
45,7 millions Turquie
77%
190 000 Papouasie Nouvelle-Guinée
64%
25,8 millions Malaisie
60%
5,2 millions (2016) Nigeria
50%
6 000 Iles Marshall
46%
5 687 (2007) Kiribati
46%
Aucun quiz correspondant
Distribution des résultats
% des personnes avec chaque résultat
Percentile par nombre de réponses
Votre historique - résultats
Vous n’avez pas pris ce quiz depuis la dernière actualisation